| 000 | 01285nam a2200325Ia 4500 | ||
|---|---|---|---|
| 001 | ebr10599193 | ||
| 003 | CaPaEBR | ||
| 006 | m u | ||
| 007 | cr cn||||||||| | ||
| 008 | 890714s1988 ne a sb 000 0 eng d | ||
| 020 | _z9067653861 (paper) | ||
| 020 | _z9783110130867 | ||
| 020 | _z9783110857856 | ||
| 040 |
_aCaPaEBR _cCaPaEBR |
||
| 035 | _a(OCoLC)301011172 | ||
| 050 | 1 | 4 |
_aP40.5.L372 _bB4 1988eb |
| 245 | 0 | 0 |
_aLanguage attitudes in the Dutch language area _h[electronic resource] / _cRoeland van Hout, Uus Knops (eds.). |
| 260 |
_aDordrecht, Holland ; _aProvidence, R.I., U.S.A. : _bForis Publications, _c1988. |
||
| 300 |
_avi, 202 p. : _bill. |
||
| 490 | 0 |
_aTopics in sociolinguistics ; _v5 |
|
| 504 | _aIncludes bibliographical references. | ||
| 533 |
_aElectronic reproduction. _bPalo Alto, Calif. : _cebrary, _d2011. _nAvailable via World Wide Web. _nAccess may be limited to ebrary affiliated libraries. |
||
| 650 | 0 |
_aDutch language _xSocial aspects. |
|
| 650 | 0 | _aLanguages in contact. | |
| 655 | 7 |
_aElectronic books. _2local |
|
| 700 | 1 | _aHout, Roeland van. | |
| 700 | 1 | _aKnops, Uus. | |
| 710 | 2 | _aebrary, Inc. | |
| 856 | 4 | 0 |
_uhttp://site.ebrary.com/lib/rucke/Doc?id=10599193 _zAn electronic book accessible through the World Wide Web; click to view |
| 999 |
_c109844 _d109844 |
||